000 01039cad a22002055a 4500
001 L157603
008 130130s2013 xxk f 000 0 eng d
035 _a(Sirsi) u157603
041 0 _aeng
110 2 _aBritish Property Federation
_91604
245 0 0 _aEnergy efficiency and the private rented sector
_h[electronic resource]
260 _aLondon
_bBPF
_c2013
520 _aOffers advice for private rented sector landlords planning to improve the energy efficiency of their property portfolios. Explains the background and reasons for improving the energy efficiency of the UK housing stock, looks at Energy Performance Certfficates (EPC)s ratings and ranging of funding options for funding improvements.
590 _aKA
651 4 _aUnited Kingdom
_y
690 _aResidential property
_96266
690 _aSustainability
_96271
856 4 0 _uhttps://www.bpf.org.uk/en/files/event_related_documents/Energy_Efficiency_and_the_Private_Rented_Sector.pdf
_zView the item free of charge from the www.bpf.org.uk website.
942 _n0
999 _c114865
_d114865